Statistics for 「訪れてみたい日本のアニメ聖地88 2023」に選ばれている自治体

Click here to take the quiz!

General Stats

  • This quiz has been taken 58 times
  • The average score is 64 of 142

Answer Stats

作品・施設・イベントAnswer% Correct
【88番札所】東京都庁新宿区
84%
〇〇トキワ荘マンガミュージアム | 『冴えない彼女の育てかた』シリーズ | アニメイト池袋本店 | デュラララ!!豊島区
80%
スローループ | ハイスクール・フリート | 艦隊これくしょん -艦これ-横須賀市
78%
「ウルトラマンシリーズ」(ウルトラマン商店街) | 秒速5センチメートル | 長谷川町子記念館世田谷区
76%
STEINS;GATE(シュタインズ・ゲート) | ラブライブ!千代田区
73%
ゲゲゲの鬼太郎 | 水木しげるロード境港市
73%
『ゆるキャン△』シリーズ | 『八十亀ちゃんかんさつにっき』シリーズ | シキザクラ | 世界コスプレサミット名古屋市
73%
【0番札所】成田空港成田市
73%
ラブライブ!サンシャイン!!沼津市
71%
〇〇国際マンガミュージアム | いなり、こんこん、恋いろは。 | であいもん | +2 others京都市
71%
ちびまる子ちゃんランド静岡市
71%
サンリオピューロランド多摩市
71%
艦隊これくしょん -艦これ-呉市
71%
文豪ストレイドッグス横浜市
67%
さらざんまい | 刀剣乱舞ONLINE(東京国立博物館)台東区
67%
デジモンアドベンチャー(1999年) | ラブライブ!虹ヶ咲学園スクールアイドル同好会港区
67%
ラブライブ!スーパースター!! | 東京アニメセンター in DNP PLAZA 〇〇渋谷区
65%
艦隊これくしょん -艦これ-佐世保市
65%
Wake Up, Girls! 新章仙台市
63%
『やはり俺の青春ラブコメはまちがっている。』シリーズ | 俺の妹がこんなに可愛いわけがない千葉市
63%
ラブライブ!虹ヶ咲学園スクールアイドル同好会江東区
61%
あの日見た花の名前を僕達はまだ知らない。 | 心が叫びたがってるんだ。 | 空の青さを知る人よ秩父市
61%
とある科学の超電磁砲 | とある魔術の禁書目録立川市
59%
氷菓高山市
59%
艦隊これくしょん -艦これ-舞鶴市
59%
ガールズ&パンツァー 最終章大洗町
59%
リコリス・リコイル墨田区
57%
『ゆるキャン△』シリーズ | 『エヴァンゲリオン』シリーズ浜松市
57%
デジモンアドベンチャー(1999年) | 東映アニメーションミュージアム練馬区
57%
『涼宮ハルヒの憂鬱』シリーズ | 長門有希ちゃんの消失西宮市
55%
ラブライブ!サンシャイン!! | 薄桜鬼 真改函館市
55%
宮沢賢治童話村花巻市
53%
TARI TARI | 青春ブタ野郎はバニーガール先輩の夢を見ない藤沢市
53%
『エヴァンゲリオン』シリーズ | 弱虫ペダル箱根町
53%
『ゆるキャン△』シリーズ身延町
53%
花咲くいろは金沢市
53%
色づく世界の明日から長崎市
51%
サマータイムレンダ和歌山市
49%
サマーウォーズ上田市
47%
石ノ森萬画館石巻市
47%
らき☆すた久喜市
45%
おちこぼれフルーツタルト小金井市
45%
劇場版「SHIROBAKO」武蔵野市
45%
長門有希ちゃんの消失長野市
43%
マチ★アソビ徳島市
43%
〇〇マンガの家 | 〇〇マンガ・アニメ情報館新潟市
43%
ヤマノススメ Next Summit飯能市
43%
東京工芸大学 〇〇アニメーションミュージアム杉並区
43%
推しが武道館いってくれたら死ぬ岡山市
43%
ひなビタ♪倉吉市
41%
月がきれい | 神様はじめました川越市
41%
ケロロ軍曹熊本市
39%
ゲゲゲの鬼太郎 | 水木マンガの生まれた街調布市
39%
〇〇漫画ミュージアム北九州市
37%
〇〇手塚治虫記念館宝塚市
35%
おもちゃのまちバンダイミュージアム壬生町
35%
たまゆら竹原市
35%
からかい上手の高木さん3土庄町
35%
『ゆるキャン△』シリーズ山梨市
33%
かみちゅ!尾道市
33%
『やくならマグカップも』シリーズ多治見市
33%
『アマガミSS』シリーズ銚子市
33%
【1番札所】インフォメーションスポット | 女子高生の無駄づかい所沢市
31%
デート・ア・ライブ町田市
31%
薄桜鬼 真改日野市
31%
『エヴァンゲリオン』シリーズ宇部市
31%
〇〇やなせたかし記念館アンパンマンミュージアム香美市
31%
ひぐらしのなく頃に 業・卒白川村
31%
『結城友奈は勇者である』シリーズ観音寺市
29%
女子高生の無駄づかい東村山市
29%
ケロロ軍曹西東京市
29%
秒速5センチメートル栃木市
27%
青山剛昌ふるさと館北栄町
27%
スーパーカブ北杜市
24%
〇〇潮風ギャラリー(藤子不二雄Ⓐアートコレクション)氷見市
24%
進撃の巨人 in 〇〇 ミュージアム日田市
22%
永井豪記念館輪島市
22%
あの夏で待ってる小諸市
22%
『冴えない彼女の育てかた』シリーズ和光市
22%
僕だけがいない街苫小牧市
22%
フライングベイビーズいわき市
20%
宇宙よりも遠い場所館林市
20%
「ウルトラマンシリーズ」(円谷英二氏生誕の地)須賀川市
20%
シキザクラ豊田市
20%
放課後ていぼう日誌芦北町
20%
一休さん(酬恩庵一休寺)京田辺市
18%
天体のメソッド洞爺湖町
18%
凪のあすから熊野市
18%
薄桜鬼 真改会津若松市
18%
白い砂のアクアトープ南城市
16%
『ゆるキャン△』シリーズ昭島市
16%
さよなら私のクラマー蕨市
16%
艦隊これくしょん -艦これ-むつ市
16%
アンゴルモア元寇合戦記対馬市
16%
おねがい☆ティーチャー大町市
14%
〇〇増田まんが美術館 | 釣りキチ三平横手市
14%
ラブライブ!スーパースター!!神津島村
14%
政宗ダテニクル伊達市
14%
心が叫びたがってるんだ。横瀬町
14%
サンリオキャラクターパーク ハーモニーランド日出町
12%
朝霧の巫女三次市
10%
〇〇の雲 山本二三美術館 | 蒼の彼方のフォーリズム五島市
10%
宇崎ちゃんは遊びたい!三朝町
10%
バクテン!!岩沼市
8%
竜とそばかすの姫越知町
8%
「ウルトラマンシリーズ」(金城哲夫資料館)南風原町
6%
おおかみこどもの雨と雪上市町
6%

Score Distribution

Percentile by Number Answered

Percent of People with Each Score

Your Score History

You have not taken this quiz